Smelý človek

Bibliographic Details
Main Author: Suržin, Pavol, 1939-1992 (Author)
Format: Article
Language:Slovak
Subjects:

MARC

LEADER 00000nab a2200000 a 4500
001 vtls000235414
003 SK-MaSNL
005 20260302212847.0
008 111130c1985 xo 0 slo
015 |a SNBRB19rr/mm-uuuuu 
035 |a CL0245528 
040 |a SNKBUCL  |b slo  |c SNKBUCL  |e AACR2 
041 0 |a slo 
044 |a xo  |c SK 
080 |a 885.4-7  |2 1981 
100 1 |a Suržin, Pavol,  |d 1939-1992  |4 aut  |9 112539 
245 1 0 |a Smelý človek  |c Pavol Suržin 
500 |a V rubrike Maratón. 
650 0 7 |a humoresky  |2 snkbucl  |9 73390 
655 7 |a články z novín a časopisov  |2 snkbucl  |9 267496 
655 7 |a články z odboru literárna veda a krásna literatúra  |2 snkbucl  |9 770045 
773 0 |t Večer  |g Roč. 17, č. 245 (13. 12. 1985), s. /4/ 
850 |a Slovenská národná knižnica v Martine  |a MTA001 
852 |a SNK  |b KIS3GCP 
958 |a RK 
958 |a LX 
992 |a RBX 
999 |c 1491024  |d 1492954